00581nam a2200205Ia 4500008004100000020001400041050001600055100001900071245001900090245004700109260001500156260001600171260000900187300001600196300002000212300001000232500000800242999001900250952010600269170918s9999 xx 000 0 und d a439316294 bC913wa 2000 aCreech, Sharon 4aThe wanderer / cby Sharon Creech ; drawings by David Diaz. aNew York : bScholastic, c2000 a305 pages : billustrations ; c19cm. a830 c344037d344037 001040aSSISMbSSISMd2017-09-18l0oFIC C913wa 2000pSSISM3109r2017-09-18 00:00:00w2017-09-18yBK